Začiatok supervolebného roka v Nemecku Krajinské „testy“ pred septembrovými parlamentnými voľbami

Ďalšie štyri krajinské voľby v supervolebnom roku. Význam oboznámenia sa s prísnymi hygienickými podmienkami, v ktorých sa voľby v Nemecku uskutočnili. Výsledky volieb v Bádensku-Württembersku. Výsledky volieb v Porýní-Falcku. Krajinské voľby v Bádensku-Württembersku a Porýní-Falcku vo svetle trendo...

Descrizione completa

Salvato in:
Dettagli Bibliografici
Autore principale: Škvrnda, František
Natura: Capitolo di libro
Lingua:slovacco
Soggetti:
Tags: Aggiungi Tag
Nessun Tag, puoi essere il primo ad aggiungerne!!

MARC

LEADER 00000naa a2200000 4500
001 0279161
005 20240502074332.5
041 0 |a slo 
044 |a SK 
245 1 0 |a Začiatok supervolebného roka v Nemecku  |b Krajinské „testy“ pred septembrovými parlamentnými voľbami  |c František Škvrnda 
520 |a Ďalšie štyri krajinské voľby v supervolebnom roku. Význam oboznámenia sa s prísnymi hygienickými podmienkami, v ktorých sa voľby v Nemecku uskutočnili. Výsledky volieb v Bádensku-Württembersku. Výsledky volieb v Porýní-Falcku. Krajinské voľby v Bádensku-Württembersku a Porýní-Falcku vo svetle trendov vývoja voličskej príťažlivosti. 
610 2 0 |a Nemecko 
610 2 0 |a voľby 
610 2 0 |a koronavírus 
610 2 0 |a pandémia 
100 1 |a Škvrnda, František